African Land-Locked Countries: go along the 'Coast' - Statistics

General Stats
  • This quiz has been taken 63 times
  • The average score is 21 of 26
Answer Stats
Country % Correct
Burundi
96%
Rwanda
94%
Uganda
92%
Central African Republic
88%
Mali
88%
Niger
88%
Burkina Faso
86%
Lesotho
86%
Malawi
86%
South Sudan
86%
Swaziland
86%
Botswana
84%
Chad
84%
Zimbabwe
84%
Ethiopia
80%
Zambia
80%
Chad
78%
Zambia
78%
Central African Republic
76%
South Sudan
76%
Burundi
74%
Niger
74%
Rwanda
72%
South Sudan
72%
Uganda
72%
Zambia
72%
No matching quizzes found
Score Distribution
Percent of People with Each Score
Percentile by Number Answered
Your Score History
You have not taken this quiz